Cirugia pediatria / (Registro nro. 23624)

Detalles MARC
000 -LEADER
fixed length control field 01206nam a2200301 4500
001 - CONTROL NUMBER
control field 0000021775
003 - CONTROL NUMBER IDENTIFIER
control field CO-CtgCURN
005 - DATE AND TIME OF LATEST TRANSACTION
control field 20250331185232.0
007 - PHYSICAL DESCRIPTION FIXED FIELD--GENERAL INFORMATION
fixed length control field ta
008 - FIXED-LENGTH DATA ELEMENTS--GENERAL INFORMATION
fixed length control field 160627s2006 000 0 eng d
020 ## - INTERNATIONAL STANDARD BOOK NUMBER
International Standard Book Number 9586559459
040 ## - CATALOGING SOURCE
Original cataloging agency CO-CtgCURN
Language of cataloging spa
Transcribing agency coctgcurn
082 0# - DEWEY DECIMAL CLASSIFICATION NUMBER
Classification number 617.98
Item number C578
100 1# - MAIN ENTRY--PERSONAL NAME
Personal name Uribe Restrepo, Francisco Luis.
245 10 - TITLE STATEMENT
Title Cirugia pediatria /
Statement of responsibility, etc. Francisco Luis Uribe Restrepo, María Elena Arango Rave.
260 ## - PUBLICATION, DISTRIBUTION, ETC.
Place of publication, distribution, etc. Medellin :
Name of publisher, distributor, etc. Universidad de Antioquia,
Date of publication, distribution, etc. 2006.
300 ## - PHYSICAL DESCRIPTION
Extent 622 p.
336 ## - CONTENT TYPE
Source rdacontent
337 ## - MEDIA TYPE
Source rdamedia
Media type term sin mediacion
Media type code n
338 ## - CARRIER TYPE
Source rdacarrier
Carrier type term volumen
Carrier type code nc
500 ## - GENERAL NOTE
General note Incluye indice.
505 8# - FORMATTED CONTENTS NOTE
Formatted contents note Consideraciones perioperatorias en el neonato y el niño.--Anatomía del lactante y el niño.--Generalidades y aspectos fisiologicos del recien nacido y el niño.--Respuestas endocrina y metabolica del niño a la cirugia.--Manejo de liquidos y electrolitos.--Soporte nutricional del paciente quirurgico
650 14 - SUBJECT ADDED ENTRY--TOPICAL TERM
Topical term or geographic name entry element Cirugia infantil.
700 1# - ADDED ENTRY--PERSONAL NAME
Personal name Arango Rave, María Elena.
908 ## - PUT COMMAND PARAMETER (RLIN)
Put command parameter 160627
942 ## - ADDED ENTRY ELEMENTS (KOHA)
Koha item type Libros
Classification part 617.98
Item part C578
Source of classification or shelving scheme Dewey Decimal Classification
Existencias
Withdrawn status Lost status Source of classification or shelving scheme Damaged status Not for loan Collection Home library Current library Shelving location Date acquired Inventory number Total checkouts Full call number Barcode Date last seen Price effective from Koha item type Public note
    Dewey Decimal Classification     General Miguel Henríquez Emiliani Miguel Henríquez Emiliani General 03/31/2025 013574   617.98 C578 013574 03/31/2025 03/31/2025 Libros 610-CIENME